[Event "8th World Teams"]
[Site "Ningbo CHN"]
[Date "2011.07.17"]
[Round "1"]
[White "Harikrishna, Pentala"]
[Black "Leko, Peter"]
[Result "1/2-1/2"]
[WhiteTitle "GM"]
[BlackTitle "GM"]
[WhiteElo "2669"]
[BlackElo "2717"]
[WhiteTeam "India"]
[BlackTeam "Hungary"]
[WhiteFideId "5007003"]
[BlackFideId "703303"]
[EventDate "2011.07.17"]

1. d4 Nf6 2. c4 e6 3. g3 d5 4. Bg2 Bb4+ 5. Nd2 O-O 6. Nf3 b6 7. O-O Bb7 8. cxd5
exd5 9. Ne5 Re8 10. Ndf3 h6 11. Bf4 Bf8 12. Qa4 c5 13. Rac1 Na6 14. Rfd1 Qc8 15.
e3 Qe6 16. h4 Bd6 17. b3 Ne4 18. Qd7 Qxd7 19. Nxd7 Bxf4 20. gxf4 Bc8 21. Nde5 f6
22. Nd3 Bg4 23. Nde1 Red8 24. Bf1 Nc7 25. Be2 a5 26. dxc5 bxc5 27. Nd4 Bd7 28.
f3 cxd4 29. fxe4 Nb5 30. Bxb5 Bxb5 31. Rc5 Rdb8 32. Rxd4 dxe4 33. Rxe4 Rb7 34.
Rd4 Be8 35. Nc2 a4 36. b4 a3 37. Rdc4 Bf7 38. Rc8+ Rxc8 39. Rxc8+ Kh7 40. Rc3
Bxa2 41. Rxa3 Bd5 42. Kf2 Be4 43. Ra2 Bxc2 44. Rxc2 1/2-1/2

[Event "8th World Teams"]
[Site "Ningbo CHN"]
[Date "2011.07.19"]
[Round "3"]
[White "Hess, Robert L"]
[Black "Shoker, Samy"]
[Result "1-0"]
[WhiteTitle "GM"]
[BlackTitle "IM"]
[WhiteElo "2609"]
[BlackElo "2475"]
[WhiteTeam "USA"]
[BlackTeam "Egypt"]
[WhiteFideId "2022036"]
[BlackFideId "627143"]
[EventDate "2011.07.17"]

1. e4 d6 2. d4 g6 3. Nc3 Bg7 4. Be3 a6 5. a4 Nd7 6. Nf3 b6 7. Bc4 e6 8. h4 h6 9.
h5 g5 10. Qd3 Qe7 11. d5 Ngf6 12. dxe6 fxe6 13. e5 Nxe5 14. Nxe5 dxe5 15. O-O-O
Bb7 16. f3 Qf7 17. Qd2 Bc6 18. a5 b5 19. Bd3 O-O-O 20. Kb1 e4 21. fxe4 Nxe4 22.
Nxe4 Bxe4 23. Bxe4 Rxd2 24. Rxd2 Qf6 25. Bd4 Qe7 26. Bxg7 Qxg7 27. Re1 Qf6 28.
Rde2 Re8 29. Bc6 Re7 30. Re5 Qf4 31. Bd5 Qd2 32. g4 Kd7 33. Bb3 c5 34. c3 Kc7
35. Rxc5+ Kb8 36. Rce5 Qd3+ 37. Bc2 Qg3 38. R1e4 Qg1+ 39. Ka2 Qa7 40. Rxe6 Rxe6
41. Rxe6 Qf7 42. Bb3 Qf4 43. Rxh6 Qxg4 44. Rh8+ Kb7 45. h6 b4 46. h7 Qh5 47.
cxb4 Qh6 48. Bd5+ Kc7 49. Ra8 1-0

[Event "8th World Teams"]
[Site "Ningbo CHN"]
[Date "2011.07.20"]
[Round "4"]
[White "Sasikiran, Krishnan"]
[Black "Roiz, Michael"]
[Result "1/2-1/2"]
[WhiteTitle "GM"]
[BlackTitle "GM"]
[WhiteElo "2681"]
[BlackElo "2669"]
[WhiteTeam "India"]
[BlackTeam "Israel"]
[WhiteFideId "5004985"]
[BlackFideId "2804158"]
[EventDate "2011.07.17"]

1. d4 d5 2. c4 e6 3. Nf3 Nf6 4. g3 Bb4+ 5. Bd2 Be7 6. Bg2 c6 7. Qc2 Nbd7 8. O-O
O-O 9. Rd1 b6 10. b3 a5 11. Be1 Bb7 12. Nc3 Qc7 13. Rac1 Rac8 14. Bd2 Ba6 15. e4
dxc4 16. e5 Nd5 17. bxc4 Bxc4 18. Ne4 Be2 19. Neg5 g6 20. Re1 Bxf3 21. Bxf3 Qd8
22. h4 b5 23. Qd3 N7b6 24. Bxa5 Ra8 25. Bxd5 Rxa5 26. Bxc6 Rxa2 27. Ne4 b4 28.
Qe3 Kg7 29. h5 g5 30. Nd6 h6 31. Qb3 Ra7 32. Qxb4 Nc8 33. d5 Bxd6 34. exd6 Qxd6
35. Qc3+ e5 36. Rxe5 Qf6 37. Bb5 Nd6 38. Bd3 Kg8 39. Qe1 Rfa8 40. Bb1 Rb7 41.
Re2 Kg7 42. Qd2 Ra1 43. Qd3 Qf5 44. Qc3+ Qf6 45. Qd3 Qf5 46. Qxf5 Nxf5 47. Ree1
Nd6 48. Bd3 Rxc1 49. Rxc1 Kf6 50. Be2 Rb2 51. Bf3 Rd2 52. Ra1 Rd3 53. Kg2 g4 54.
Bxg4 Rxd5 55. Ra6 Kg7 56. Ra7 Re5 57. Bd1 Rd5 58. Bf3 Re5 59. Rd7 Nf5 60. Bd1
Ne7 61. Bb3 Kf6 62. g4 Rb5 63. Bc2 Rc5 64. Be4 Re5 65. f3 Kg7 66. Kg3 Ng8 67.
Kf4 Re6 68. Bf5 Re8 69. Ra7 Nf6 70. Kg3 Ng8 71. Ra6 Re5 72. Bb1 Re7 73. Ba2 Re1
74. Bc4 Rc1 75. Bd3 Rc7 76. Rd6 Rc5 77. Rd7 Re5 78. f4 Re7 79. Rd6 Nf6 80. Kf3
Rd7 81. Rxd7 Nxd7 82. Ke4 Nf6+ 83. Kf5 Nd5 84. Ke5 Nf6 85. Be2 Nd7+ 86. Kd6 Nf6
87. Bf3 Kf8 88. Ke5 Kg7 89. Kf5 Nh7 90. Bd1 Nf6 91. Bc2 Nd5 92. Ke5 Nf6 93. Bf5
Ng8 94. Bd3 Nf6 95. Kf5 Nh7 96. Be2 Kh8 97. Bd1 Kg7 98. Bf3 Kh8 99. Ke5 Kg7 100.
Kd6 Nf6 101. Ke5 Nh7 102. Kf5 Kh8 103. g5 hxg5 104. fxg5 Nxg5 1/2-1/2

[Event "8th World Teams"]
[Site "Ningbo CHN"]
[Date "2011.07.20"]
[Round "4"]
[White "Gopal G.N."]
[Black "Nabaty, Tamir"]
[Result "1/2-1/2"]
[WhiteTitle "GM"]
[BlackTitle "GM"]
[WhiteElo "2576"]
[BlackElo "2584"]
[WhiteTeam "India"]
[BlackTeam "Israel"]
[WhiteFideId "5015693"]
[BlackFideId "2809052"]
[EventDate "2011.07.17"]

1. e4 e5 2. Nf3 Nf6 3. Nxe5 d6 4. Nf3 Nxe4 5. d4 d5 6. Bd3 Bd6 7. O-O O-O 8. c4
c6 9. Re1 Re8 10. Nc3 Nxc3 11. bxc3 Rxe1+ 12. Qxe1 h6 13. c5 Bc7 14. Ne5 Nd7 15.
f4 Qe7 16. Bd2 Nf6 17. Qh4 Bd8 18. Re1 Ne4 19. Qxe7 Bxe7 20. Bxe4 dxe4 21. Rxe4
Be6 22. a3 Rc8 23. Re1 b6 24. cxb6 axb6 25. a4 c5 26. Be3 f6 27. Nf3 Bd7 28. Rb1
Bd8 29. Ra1 cxd4 30. Bxd4 Ra8 31. Kf2 Rxa4 32. Rxa4 Bxa4 33. c4 Kf7 34. g4 g6
35. h3 Bd7 36. Nd2 h5 37. Ne4 hxg4 38. hxg4 Bxg4 39. c5 bxc5 40. Nxc5 Bf5 41.
Ke3 Bb1 42. Kf3 Bf5 43. Ke3 Bh3 44. Kf3 Bf1 45. Ke3 Bg2 46. Kf2 Bc6 47. Ke3 Bd5
48. Kf2 Ke7 49. Ke3 Bg2 50. Kf2 Bh1 51. Ke3 Bg2 52. Kf2 Bh3 53. Ke3 Bc8 54. Kf3
Kd6 55. Ne4+ Ke6 56. Ke3 Be7 57. Bc5 Bd8 58. Bd4 f5 59. Nc3 Bb7 60. Ba7 Be7 61.
Bb6 Ba3 62. Kf2 Bc6 63. Ba7 Kd6 64. Bd4 Ke6 65. Ba7 Be7 66. Ke3 Bh4 67. Bb6 Bb7
68. Ba7 Be1 69. Bd4 Ba6 70. Bh8 Kd6 71. Ne2 Kd5 72. Ng1 Bb4 73. Nf3 Bb5 74. Ne5
Bc3 75. Bf6 Bd4+ 76. Kf3 Ba4 77. Bg5 Bd1+ 78. Kg3 Bh5 79. Nd7 Ke6 80. Ne5 Bc3
81. Kf2 Bd4+ 82. Kg3 Be3 83. Nc4 Bc1 84. Nb6 Kd6 85. Kf2 Kc6 86. Nc4 Kd5 87. Ne5
Ke4 88. Kg3 Bd2 89. Bh6 Be1+ 90. Kg2 Bh4 91. Kh3 Be1 92. Kg2 Bh4 93. Kh3 g5 94.
fxg5 Be1 95. Nd7 Kf3 96. Ne5+ Ke4 97. Nd7 Bf7 98. Kg2 f4 99. Nf6+ Kf5 100. Bf8
Bh4 101. g6 Kxg6 102. Ng4 Kg5 103. Nf2 Bd5+ 104. Kg1 Kf5 105. Bc5 Bf6 106. Bb6
Bf3 107. Ba7 Bc3 108. Bb6 Bd2 109. Ba7 Kg5 110. Nd3 Be4 111. Nxf4 Bxf4 112. Kf2
Kg4 113. Bb6 Bc2 114. Ke2 Kf5 115. Be3 Be5 116. Kd2 Bb1 117. Ke2 Ke4 118. Bb6
Bf4 1/2-1/2

[Event "8th World Teams"]
[Site "Ningbo CHN"]
[Date "2011.07.20"]
[Round "4"]
[White "Amin, Bassem"]
[Black "Akopian, Vladimir"]
[Result "0-1"]
[WhiteTitle "GM"]
[BlackTitle "GM"]
[WhiteElo "2609"]
[BlackElo "2667"]
[WhiteTeam "Egypt"]
[BlackTeam "Armenia"]
[WhiteFideId "10601457"]
[BlackFideId "13300032"]
[EventDate "2011.07.17"]

1. e4 c5 2. Nf3 d6 3. d4 cxd4 4. Nxd4 Nf6 5. Nc3 a6 6. Bc4 e6 7. Bb3 Nbd7 8. f4
Nc5 9. O-O Be7 10. e5 dxe5 11. fxe5 Nfd7 12. Bf4 O-O 13. Qe2 Bg5 14. Rae1 Bxf4
15. Rxf4 b5 16. Qh5 Nxb3 17. axb3 Bb7 18. Re3 g6 19. Qh6 Qe7 20. Nf5 exf5 21.
Rh4 Qxh4 22. Qxh4 Rfe8 23. Qd4 Nf8 24. Nd5 Bxd5 25. Qxd5 Rad8 26. Qb7 Rd2 27. c4
Rxb2 28. c5 Rd8 29. h4 Ne6 30. Qxa6 Rd1+ 31. Kh2 f4 32. Rc3 Rbb1 33. Qa8+ Kg7
34. g3 Rd2+ 35. Kh3 b4 0-1

[Event "8th World Teams"]
[Site "Ningbo CHN"]
[Date "2011.07.20"]
[Round "4"]
[White "Sargissian, Gabriel"]
[Black "Shoker, Samy"]
[Result "1/2-1/2"]
[WhiteTitle "GM"]
[BlackTitle "IM"]
[WhiteElo "2663"]
[BlackElo "2475"]
[WhiteTeam "Armenia"]
[BlackTeam "Egypt"]
[WhiteFideId "13300881"]
[BlackFideId "627143"]
[EventDate "2011.07.17"]

1. d4 d6 2. Nf3 Nf6 3. c4 g6 4. Nc3 Bg7 5. e4 O-O 6. Be2 c5 7. O-O Bg4 8. d5 b5
9. e5 dxe5 10. Nxe5 Bxe2 11. Qxe2 bxc4 12. Rd1 Qb6 13. Nxc4 Qa6 14. b3 Nbd7 15.
Qxe7 Nb6 16. Nxb6 axb6 17. Bb2 Rfe8 18. Qd6 Red8 19. Qc7 Ne4 20. Nxe4 Bxb2 21.
Rab1 Qxa2 22. Ng5 Rf8 23. Nf3 Ra3 24. Qxb6 Rxb3 25. Qc6 Bd4 26. Rxb3 Bxf2+ 27.
Kh1 Qxb3 28. Rf1 Bd4 29. Nxd4 cxd4 30. d6 Qe6 31. Qc5 d3 32. Qd4 Qe2 33. Rg1 d2
34. d7 Rd8 35. h3 h5 36. Kh2 Qe1 37. Kh1 h4 38. Qd3 Kh7 39. Qd4 f6 40. Qd3 Kg7
41. Rf1 Kf7 42. Qd5+ Ke7 43. Qc5+ Kf7 44. Qd5+ Kg7 45. Qd3 Kh7 46. Kg1 f5 47.
Kh1 f4 48. Rg1 f3 49. gxf3 Qe6 50. Qxd2 Qxh3+ 51. Qh2 Qxf3+ 52. Qg2 Qf5 53. Qg4
Rxd7 54. Qxf5 gxf5 55. Rg5 Rd5 56. Rh5+ Kg6 57. Rxh4 Kg5 58. Ra4 f4 59. Ra3 Kg4 1/2-1/2

[Event "8th World Teams"]
[Site "Ningbo CHN"]
[Date "2011.07.21"]
[Round "5"]
[White "Li, Chao b"]
[Black "Akopian, Vladimir"]
[Result "1/2-1/2"]
[WhiteTitle "GM"]
[BlackTitle "GM"]
[WhiteElo "2669"]
[BlackElo "2667"]
[WhiteTeam "China"]
[BlackTeam "Armenia"]
[WhiteFideId "8604436"]
[BlackFideId "13300032"]
[EventDate "2011.07.17"]

1. d4 d5 2. c4 c6 3. Nf3 Nf6 4. Nc3 dxc4 5. a4 Bf5 6. e3 e6 7. Bxc4 Nbd7 8. O-O
Bb4 9. Qe2 O-O 10. e4 Bg6 11. Bd3 c5 12. Na2 Ba5 13. Bg5 Qb8 14. Bxf6 gxf6 15.
Bb5 Rd8 16. Bxd7 Rxd7 17. dxc5 Qf4 18. Qb5 Bxe4 19. Qxd7 Rd8 20. Qb5 Bxf3 21.
gxf3 Qxf3 22. Qxa5 Qg4+ 23. Kh1 Qf3+ 24. Kg1 Qg4+ 25. Kh1 Qf3+ 26. Kg1 Qg4+ 1/2-1/2

[Event "8th World Teams"]
[Site "Ningbo CHN"]
[Date "2011.07.21"]
[Round "5"]
[White "Sargissian, Gabriel"]
[Black "Yu, Yangyi"]
[Result "1-0"]
[WhiteTitle "GM"]
[BlackTitle "GM"]
[WhiteElo "2663"]
[BlackElo "2672"]
[WhiteTeam "Armenia"]
[BlackTeam "China"]
[WhiteFideId "13300881"]
[BlackFideId "8603820"]
[EventDate "2011.07.17"]

1. d4 Nf6 2. c4 e6 3. Nf3 Bb4+ 4. Bd2 Bxd2+ 5. Qxd2 O-O 6. g3 b6 7. Nc3 Bb7 8.
Bg2 Ne4 9. Qd3 Nxc3 10. Ng5 Ne4 11. Nxe4 Nc6 12. O-O Rb8 13. Nc3 Nb4 14. Qd2
Bxg2 15. Kxg2 c6 16. a3 Na6 17. e4 d5 18. cxd5 cxd5 19. e5 Nc7 20. Rac1 Qd7 21.
Rc2 Rbc8 22. Rfc1 Nb5 23. Nxb5 Rxc2 24. Rxc2 Qxb5 25. Rc7 a5 26. Qc2 h6 27. h4
Qa6 28. b3 Qb5 29. h5 Rd8 30. Rc6 Rf8 31. f4 Qa6 32. Rc7 Qa8 33. Qc6 Qa6 34. Qc2
Qa8 35. g4 Kh8 36. a4 Kg8 37. Kf2 Kh8 38. Qc6 Qb8 39. Kg3 Kg8 40. g5 hxg5 41.
fxg5 Qd8 42. Kg4 Kh8 43. Qb7 Kg8 44. g6 Qe8 45. Re7 1-0

[Event "8th World Teams"]
[Site "Ningbo CHN"]
[Date "2011.07.21"]
[Round "5"]
[White "Nabaty, Tamir"]
[Black "Balogh, Csaba"]
[Result "0-1"]
[WhiteTitle "GM"]
[BlackTitle "GM"]
[WhiteElo "2584"]
[BlackElo "2643"]
[WhiteTeam "Israel"]
[BlackTeam "Hungary"]
[WhiteFideId "2809052"]
[BlackFideId "718939"]
[EventDate "2011.07.17"]

1. e4 e5 2. Nf3 Nc6 3. Bb5 Nf6 4. d3 d6 5. O-O Be7 6. Re1 O-O 7. c3 a6 8. Bxc6
bxc6 9. d4 exd4 10. cxd4 d5 11. e5 Ne4 12. Qc2 c5 13. Be3 c4 14. Nc3 Nxc3 15.
bxc3 Bg4 16. Nd2 Qd7 17. Nf1 Bf5 18. Qd2 Rab8 19. Bg5 Ba3 20. Ng3 Bg6 21. f4 h6
22. Bf6 Qg4 23. f5 Rb2 24. Qe3 Bxf5 25. h3 Qg6 26. Qf3 Be6 27. Bh4 Rfb8 28. Rf1
Qd3 29. Qf4 Qd2 30. Qf3 Qd3 31. Qf4 g5 32. Bxg5 hxg5 33. Qxg5+ Qg6 34. Qxg6+
fxg6 35. Rf6 Rb1+ 36. Rxb1 Rxb1+ 37. Kf2 Rb6 38. Rxg6+ Kh7 39. Rf6 Be7 40. Rf3
Rb2+ 0-1

[Event "8th World Teams"]
[Site "Ningbo CHN"]
[Date "2011.07.23"]
[Round "6"]
[White "Postny, Evgeny"]
[Black "Mamedov, Rauf"]
[Result "1-0"]
[WhiteTitle "GM"]
[BlackTitle "GM"]
[WhiteElo "2618"]
[BlackElo "2679"]
[WhiteTeam "Israel"]
[BlackTeam "Azerbaijan"]
[WhiteFideId "2804344"]
[BlackFideId "13401653"]
[EventDate "2011.07.17"]

1. d4 Nf6 2. c4 c5 3. d5 g6 4. Nc3 Bg7 5. e4 d6 6. Nf3 O-O 7. Be2 e5 8. O-O Ne8
9. Ne1 f5 10. Nd3 Nf6 11. f3 f4 12. g4 h5 13. h3 Nh7 14. Kg2 Nd7 15. Bd2 Ndf6
16. Nf2 Ne8 17. Rh1 Bf6 18. Qg1 a6 19. a3 Bd7 20. b4 b6 21. Rb1 Bh4 22. Nd3 Qf6
23. Kf1 Bg3 24. Be1 Ng5 25. h4 Nxf3 26. Bxf3 hxg4 27. Bd1 Ng7 28. Bxg3 fxg3+ 29.
Ke1 Nh5 30. Kd2 Qe7 31. bxc5 bxc5 32. Qe3 Rf4 33. Ne2 Rf3 34. Qg5 Qg7 35. Nc3
Rxd3+ 36. Kxd3 g2 37. Rg1 Nf4+ 38. Kc2 Nh3 39. Qe3 Nxg1 40. Qxg1 Qf6 41. Qxg2
Qxh4 42. Be2 Rf8 43. Rh1 Qg5 44. Qh2 Kf7 45. Qh7+ Ke8 46. Rb1 Rf7 47. Qh8+ 1-0

[Event "8th World Teams"]
[Site "Ningbo CHN"]
[Date "2011.07.23"]
[Round "6"]
[White "Balogh, Csaba"]
[Black "Hess, Robert L"]
[Result "1/2-1/2"]
[WhiteTitle "GM"]
[BlackTitle "GM"]
[WhiteElo "2643"]
[BlackElo "2609"]
[WhiteTeam "Hungary"]
[BlackTeam "USA"]
[WhiteFideId "718939"]
[BlackFideId "2022036"]
[EventDate "2011.07.17"]

1. e4 e5 2. Nf3 Nc6 3. Bb5 Nf6 4. O-O Nxe4 5. d4 Nd6 6. Bxc6 dxc6 7. dxe5 Nf5 8.
Qxd8+ Kxd8 9. Nc3 Ke8 10. h3 b6 11. Rd1 Bb7 12. Bf4 Be7 13. g4 Nh4 14. Nxh4 Bxh4
15. Kg2 Rd8 16. Bg3 Be7 17. e6 fxe6 18. Bxc7 c5+ 19. f3 Rxd1 20. Rxd1 Rf8 21.
Ne4 Bxe4 22. fxe4 Bh4 23. Rd2 Rf7 24. Bb8 Be1 25. Rd1 Bh4 26. Rd2 Be1 27. Rd1
Bh4 28. Rd2 Be1 1/2-1/2

[Event "8th World Teams"]
[Site "Ningbo CHN"]
[Date "2011.07.23"]
[Round "6"]
[White "Akopian, Vladimir"]
[Black "Ganguly, Surya Shekhar"]
[Result "1/2-1/2"]
[WhiteTitle "GM"]
[BlackTitle "GM"]
[WhiteElo "2667"]
[BlackElo "2627"]
[WhiteTeam "Armenia"]
[BlackTeam "India"]
[WhiteFideId "13300032"]
[BlackFideId "5002150"]
[EventDate "2011.07.17"]

1. Nf3 Nf6 2. c4 e6 3. g3 Be7 4. Bg2 O-O 5. O-O d5 6. d4 dxc4 7. Qc2 a6 8. a4
Bd7 9. Qxc4 Bc6 10. Bg5 h6 11. Bxf6 Bxf6 12. Nc3 Bxf3 13. Bxf3 c6 14. e3 a5 15.
b4 axb4 16. Qxb4 Ra7 17. a5 Be7 18. Qb6 Qxb6 19. axb6 Rxa1 20. Rxa1 Bb4 21. Ne2
Nd7 22. Ra7 Rb8 23. Bxc6 bxc6 24. Rxd7 Rxb6 25. Rd8+ Kh7 26. Rc8 Bd6 27. Nc3 e5
28. Ne4 Bb8 29. dxe5 Bxe5 30. Nd2 Bc3 31. Nc4 Ra6 32. Kg2 Ra2 33. Rc7 Kg8 34.
Rc8+ Kh7 35. Rc7 Kg8 36. Rxc6 Be1 37. Kf1 Bxf2 38. Rd6 Rc2 39. Rd4 h5 40. Re4 f5
41. Re8+ Kh7 42. Nd6 g6 43. Nb5 Rd2 44. Nc3 Rd3 45. Rc8 Rd2 46. Re8 Rd3 1/2-1/2

[Event "8th World Teams"]
[Site "Ningbo CHN"]
[Date "2011.07.23"]
[Round "6"]
[White "Shoker, Samy"]
[Black "Li, Chao b"]
[Result "1/2-1/2"]
[WhiteTitle "IM"]
[BlackTitle "GM"]
[WhiteElo "2475"]
[BlackElo "2669"]
[WhiteTeam "Egypt"]
[BlackTeam "China"]
[WhiteFideId "627143"]
[BlackFideId "8604436"]
[EventDate "2011.07.17"]

1. g3 e5 2. Bg2 d5 3. c4 Nf6 4. cxd5 Nxd5 5. Nc3 Nb6 6. Nf3 Nc6 7. O-O Be7 8. a3
O-O 9. b4 Be6 10. Rb1 f6 11. d3 a5 12. b5 Nd4 13. Nd2 Qc8 14. e3 Nf5 15. Qc2 Rd8
16. Rd1 a4 17. Bb2 Nd6 18. Ba1 Ra5 19. Bf3 Bf8 20. Be2 Ra8 21. Bb2 Qd7 22. Rdc1
Nxb5 23. Nxb5 Qxb5 24. Ba1 Qe8 25. Qxc7 Nd5 26. Qxb7 Bxa3 27. Rc6 Rdb8 28. Rxe6
Qxe6 29. Qxb8+ Rxb8 30. Rxb8+ Bf8 31. Nc4 g5 32. Bb2 Kg7 33. e4 Ne7 34. Ba3 Ng6
35. Rb7+ Kg8 36. Bxf8 Nxf8 37. Ra7 Qc6 38. Bh5 Ng6 39. Bd1 Qb5 40. Ra8+ Nf8 41.
Bxa4 Qb7 42. Rd8 f5 43. exf5 Qb1+ 44. Kg2 Qb7+ 45. Kg1 Qb1+ 46. Kg2 Qb7+ 47. Kg1 1/2-1/2